Central Library OPAC University of Rajshahi

The antipodes / (Record no. 18781)

MARC details
000 -LEADER
fixed length control field 00927nam a2200301 4500
001 - CONTROL NUMBER
control field 18781
003 - CONTROL NUMBER IDENTIFIER
rucl marc code BD-RjUL
005 - DATE AND TIME OF LATEST TRANSACTION
control field 20211209000332.0
008 - FIXED-LENGTH DATA ELEMENTS--GENERAL INFORMATION
fixed length control field 140222s1966 nbu b 000 0 eng
035 ## - SYSTEM CONTROL NUMBER
System control number (BD-RjUL)18839
040 ## - CATALOGING SOURCE
Original cataloging agency DLC
Transcribing agency DLC
Modifying agency DLC
-- BD-RjUL
Language of cataloging eng
041 ## - LANGUAGE CODE
Language code of text/sound track or separate title eng
082 00 - DEWEY DECIMAL CLASSIFICATION NUMBER
Classification number 822.4
Author mark and year BRA 1967
100 1# - MAIN ENTRY--PERSONAL NAME
Personal name Brome, Richard,
Dates associated with a name -1652?
9 (RLIN) 57908
245 14 - TITLE STATEMENT
Title The antipodes /
Statement of responsibility, etc. Edited by Ann Haaker.
260 ## - PUBLICATION, DISTRIBUTION, ETC. (IMPRINT)
Place of publication, distribution, etc. Lincoln :
Name of publisher, distributor, etc. University of Nebraska Press,
Date of publication, distribution, etc. c1966 [Reprinted 1967].
300 ## - PHYSICAL DESCRIPTION
Pagination xxi, 138 p. ;
Size 21 cm.
490 0# - SERIES STATEMENT
Series statement Regents Renaissance drama series
504 ## - BIBLIOGRAPHY, ETC. NOTE
Bibliography, etc Includes bibliography.
650 #0 - SUBJECT ADDED ENTRY--TOPICAL TERM
Topical term or geographic name as entry element Travel writing
General subdivision Appreciation
Form subdivision Drama.
9 (RLIN) 57909
Topical term or geographic name as entry element Married people
Form subdivision Drama.
9 (RLIN) 57910
651 #0 - SUBJECT ADDED ENTRY--GEOGRAPHIC NAME
Geographic name London (England)
Form subdivision Drama.
9 (RLIN) 54794
700 1# - ADDED ENTRY--PERSONAL NAME
Personal name Haaker, Ann,
Relator term ed.
942 ## - ADDED ENTRY ELEMENTS (KOHA)
Source of classification or shelving scheme Dewey Decimal Classification
Koha item type Books
Holdings
Lost status Source of classification or shelving scheme Damaged status Not for loan Collection code Permanent Location Current Location Shelving location Date acquired Source of acquisition Cost, normal purchase price Total Checkouts Full call number Date last seen Copy number Koha item type
  Dewey Decimal Classification   Not For Loan Fiction Central Library, University of Rajshahi Central Library, University of Rajshahi Reading Room 26/11/1964 Zeit 0.21   822.4 BRA 1967 22/02/2014 C-1 Books